<?xml version="1.0" encoding="UTF-8"?>
<collection xmlns="http://www.loc.gov/MARC21/slim">
 <record>
  <leader>07170nam a2200493 a 4500</leader>
  <controlfield tag="001">kal5978</controlfield>
  <controlfield tag="003">Gr-AtHEAL</controlfield>
  <controlfield tag="005">20160427154031.0</controlfield>
  <controlfield tag="006">m        d        </controlfield>
  <controlfield tag="008">160413s2015    gr      s           gre|c</controlfield>
  <datafield tag="020" ind1=" " ind2=" ">
   <subfield code="a">9789606032127</subfield>
  </datafield>
  <datafield tag="040" ind1=" " ind2=" ">
   <subfield code="a">GR-AtHEAL</subfield>
   <subfield code="b">gre</subfield>
   <subfield code="c">GR-AtHEAL</subfield>
  </datafield>
  <datafield tag="082" ind1="0" ind2="4">
   <subfield code="a">616.07</subfield>
   <subfield code="2">23</subfield>
  </datafield>
  <datafield tag="100" ind1="1" ind2=" ">
   <subfield code="a">Τσαντής, Σταύρος.</subfield>
   <subfield code="8">1087</subfield>
  </datafield>
  <datafield tag="245" ind1="1" ind2="0">
   <subfield code="a">Αρχές φυσικής και τεχνολογίας της διαγνωστικής υπερηχογραφίας</subfield>
   <subfield code="h">[Ηλεκτρονικός πόρος] </subfield>
   <subfield code="c">Τσαντής, Σταύρος ; Κριτικός αναγνώστης,Καγκάδης, Γεώργιος ; Τεχνική επιμέλεια,Αλεξάκος, Χρήστος ; Γλωσσική επιμέλεια,Καλλιάρας, Δημήτρης.</subfield>
  </datafield>
  <datafield tag="260" ind1=" " ind2=" ">
   <subfield code="a">Αθήνα :</subfield>
   <subfield code="b">Σύνδεσμος Ελληνικών Ακαδημαϊκών Βιβλιοθηκών,</subfield>
   <subfield code="c">c2015.</subfield>
  </datafield>
  <datafield tag="490" ind1=" " ind2=" ">
   <subfield code="a">Ακαδημαϊκά Ηλεκτρονικά Συγγράμματα και Βοηθήματα Κάλλιπος</subfield>
   <subfield code="8">40</subfield>
  </datafield>
  <datafield tag="520" ind1=" " ind2=" ">
   <subfield code="a">Οι ραγδαίες αλλαγές που πραγματοποιούνται στα σύγχρονα υπερηχογραφικά συστήματα έχουν πρώτα από όλα τεχνολογική βάση οδηγώντας στην μετάβαση από την στατική στην δυναμική real-time υπερηχογραφία, στο έγχρωμο Doppler, στην τρισδιάστατη και πρόσφατα στην ελαστογραφική απεικόνιση. Βασική προϋπόθεση για να έχουν χρηστικό αποτέλεσμα τα τεχνολογικά αυτά επιτεύγματα είναι η καλή γνώση της φυσικής και τεχνολογίας της υπερηχογραφίας. Το βιβλίο αυτό μπορεί να αποτελέσει ένα εργαλείο αναφοράς σε αυτήν την προσπάθεια της γνώσης και της επικοινωνίας μεταξύ των διαφόρων ειδικοτήτων που εμπλέκονται στην υπερηχογραφία (Μηχανικοί Βιοϊατρικής Τεχνολογίας, Φυσικοί Ιατρικής και Ιατροί). Ένας Μηχανικός και ένας Φυσικός Ιατρικής για να μπορέσουν να εξασφαλίσουν την ορθή, αξιόπιστη και ασφαλή λειτουργία ενός υπερηχογράφου θα πρέπει να έχουν κατανοήσει τις φυσικές αρχές που διέπουν αυτό το σύστημα και την τεχνολογία που το συνοδεύει. Παρομοίως ένας Ιατρός για να μπορέσει να κατανοήσει το σύνολο των πληροφοριών που κρύβονται σε μια υπερηχογραφική εικόνα θα πρέπει να έχει βαθιά γνώση όλων των μηχανισμών παραγωγής και διάδοσης της ηχητικής δέσμης στο εσωτερικό του ανθρωπίνου σώματος. Η προσπάθεια αυτή καλύπτει ένα κενό στην Ελληνική βιβλιογραφία και απευθύνεται βασικά σε προπτυχιακούς και μεταπτυχιακούς φοιτητές Βιοϊατρικής Τεχνολογίας και Ιατρικής Φυσικής, καθώς Ιατρούς διαφόρων ειδικοτήτων που χρησιμοποιούν την υπερηχογραφία σαν διαγνωστικό εργαλείο. Οι θεματικές ενότητες του βιβλίου περιλαμβάνουν τις ιδιότητες των ηχητικών κυμάτων καθώς και τα φαινόμενα που απαντώνται κατά την διάδοση τους στο εσωτερικό του ανθρώπινου σώματος. Την τεχνολογία της παραγωγής και ανίχνευσης τους για την δημιουργία της υπερηχογραφικής εικόνας. Ακολουθούν όλες οι τεχνικές απεικόνισης που προσφέρονται από τα συστήματα υπερηχογραφίας, οι βασικές αρχές τεχνολογίας τους, το σύνολο των ψευδενδείξεων που εμφανίζονται στην υπερηχογραφική εικόνα και αναλυτικά πρωτόκολλα ελέγχου ποιότητας ενός συστήματος υπερηχογραφίας</subfield>
  </datafield>
  <datafield tag="650" ind1=" " ind2="0">
   <subfield code="a">Diagnostic ultrasonic imaging</subfield>
   <subfield code="8">2709</subfield>
  </datafield>
  <datafield tag="653" ind1=" " ind2=" ">
   <subfield code="a">Σκίαση</subfield>
  </datafield>
  <datafield tag="653" ind1=" " ind2=" ">
   <subfield code="a">Αντήχηση</subfield>
  </datafield>
  <datafield tag="653" ind1=" " ind2=" ">
   <subfield code="a">Τρισδιάστατη απεικόνιση</subfield>
  </datafield>
  <datafield tag="653" ind1=" " ind2=" ">
   <subfield code="a">Απεικόνιση ελαστογραφίας</subfield>
  </datafield>
  <datafield tag="653" ind1=" " ind2=" ">
   <subfield code="a">Αρμονική απεικόνιση</subfield>
  </datafield>
  <datafield tag="653" ind1=" " ind2=" ">
   <subfield code="a">Έγχρωμη και φασματική απεικόνιση Doppler</subfield>
  </datafield>
  <datafield tag="653" ind1=" " ind2=" ">
   <subfield code="a">Απεικόνιση β τρόπου</subfield>
  </datafield>
  <datafield tag="653" ind1=" " ind2=" ">
   <subfield code="a">Ηχοβολείς</subfield>
  </datafield>
  <datafield tag="653" ind1=" " ind2=" ">
   <subfield code="a">Πιεζοηλεκτρικό φαινόμενο</subfield>
  </datafield>
  <datafield tag="653" ind1=" " ind2=" ">
   <subfield code="a">Σκέδαση</subfield>
  </datafield>
  <datafield tag="653" ind1=" " ind2=" ">
   <subfield code="a">Ανάκλαση</subfield>
  </datafield>
  <datafield tag="653" ind1=" " ind2=" ">
   <subfield code="a">Ηχητικά κύματα</subfield>
  </datafield>
  <datafield tag="653" ind1=" " ind2=" ">
   <subfield code="a">Τεχνολογία και επιστήμες μηχανικών</subfield>
   <subfield code="a">Ιατρική τεχνολογία και μηχανική</subfield>
   <subfield code="a">Ιατρικά μηχανήματα</subfield>
  </datafield>
  <datafield tag="653" ind1=" " ind2=" ">
   <subfield code="a">Τεχνολογία και επιστήμες μηχανικών</subfield>
   <subfield code="a">Ιατρική τεχνολογία και μηχανική</subfield>
   <subfield code="a">Ιατρικά όργανα</subfield>
  </datafield>
  <datafield tag="653" ind1=" " ind2=" ">
   <subfield code="a">Τεχνολογία και επιστήμες μηχανικών</subfield>
   <subfield code="a">Ηλεκτρονική τεχνολογία και μηχανική</subfield>
   <subfield code="a">Ιατρική ηλεκτρονιική</subfield>
  </datafield>
  <datafield tag="653" ind1=" " ind2=" ">
   <subfield code="a">Τεχνολογία και επιστήμες μηχανικών</subfield>
   <subfield code="a">Ιατρική τεχνολογία και μηχανική</subfield>
  </datafield>
  <datafield tag="653" ind1=" " ind2=" ">
   <subfield code="a">Επιστήμες της ζωής</subfield>
   <subfield code="a">Μοριακές βιοεπιστήμες</subfield>
  </datafield>
  <datafield tag="653" ind1=" " ind2=" ">
   <subfield code="a">Φυσική</subfield>
   <subfield code="a">Διαθεματικες περιοχές της φυσικής και συναφείς τομείς της επιστήμης και της τεχνολογίας</subfield>
   <subfield code="a">Βιοφυσική και ιατρική φυσική</subfield>
  </datafield>
  <datafield tag="653" ind1=" " ind2=" ">
   <subfield code="a">Τεχνολογία και επιστήμες μηχανικών</subfield>
   <subfield code="a">Ιατρική τεχνολογία και μηχανική</subfield>
   <subfield code="a">Βιοϊατρική τεχνολογία και εμβιομηχανική</subfield>
  </datafield>
  <datafield tag="700" ind1="1" ind2=" ">
   <subfield code="a">Καγκάδης, Γεώργιος</subfield>
   <subfield code="e">Κριτικός αναγνώστης</subfield>
   <subfield code="8">1088</subfield>
  </datafield>
  <datafield tag="856" ind1="4" ind2="0">
   <subfield code="u">http://hdl.handle.net/11419/5978</subfield>
   <subfield code="z">Πλήρες Κείμενο - Full text</subfield>
  </datafield>
  <datafield tag="907" ind1=" " ind2=" ">
   <subfield code="a">.b25680651</subfield>
   <subfield code="b">12-06-18</subfield>
   <subfield code="c">29-07-16</subfield>
  </datafield>
  <datafield tag="949" ind1=" " ind2=" ">
   <subfield code="0">0</subfield>
   <subfield code="1">0</subfield>
   <subfield code="2">ddc</subfield>
   <subfield code="4">0</subfield>
   <subfield code="6">616_070000000000000_ΤΣΑ</subfield>
   <subfield code="7">0</subfield>
   <subfield code="8">KALL</subfield>
   <subfield code="8">824</subfield>
   <subfield code="d">2016-04-13</subfield>
   <subfield code="r">2016-04-13</subfield>
   <subfield code="w">2016-04-13</subfield>
   <subfield code="z">616.07 ΤΣΑ</subfield>
   <subfield code="o">SEAB KALLIPOS</subfield>
  </datafield>
  <datafield tag="998" ind1=" " ind2=" ">
   <subfield code="a">80</subfield>
   <subfield code="a">01</subfield>
   <subfield code="a">02</subfield>
   <subfield code="a">03</subfield>
   <subfield code="a">04</subfield>
   <subfield code="a">05</subfield>
   <subfield code="a">06</subfield>
   <subfield code="a">07</subfield>
   <subfield code="a">08</subfield>
   <subfield code="a">09</subfield>
   <subfield code="a">10</subfield>
   <subfield code="a">11</subfield>
   <subfield code="a">12</subfield>
   <subfield code="a">13</subfield>
   <subfield code="a">14</subfield>
   <subfield code="a">15</subfield>
   <subfield code="a">16</subfield>
   <subfield code="a">17</subfield>
   <subfield code="a">18</subfield>
   <subfield code="a">19</subfield>
   <subfield code="a">20</subfield>
   <subfield code="a">21</subfield>
   <subfield code="a">22</subfield>
   <subfield code="a">23</subfield>
   <subfield code="a">24</subfield>
   <subfield code="a">25</subfield>
   <subfield code="a">26</subfield>
   <subfield code="b">16-05-17</subfield>
   <subfield code="c">m</subfield>
   <subfield code="d">z  </subfield>
   <subfield code="e">-</subfield>
   <subfield code="f">gre</subfield>
   <subfield code="g">gr </subfield>
   <subfield code="h">0</subfield>
  </datafield>
  <datafield tag="942" ind1=" " ind2=" ">
   <subfield code="2">ddc</subfield>
   <subfield code="c">KALLIPOS</subfield>
  </datafield>
 </record>
</collection>
